Evaluación tecnológica de los hornos 4 y 5 instalados en la compañía nacional productora de cemento CANAL.
Consiste en evaluar tecnológicamente los hornos rotatorios de satélites 4 y 5 instalados en la industria CANAL, se realizaron mediciones diarias de los diferentes parámetros involucrados en el proceso de producción de clinker mediante visitas continuas a las plantas instalada en el municipio de...
| Main Authors: | , |
|---|---|
| Other Authors: | |
| Format: | Tesis Section = Libro |
| Language: | Undetermined Spanish |
| Published: |
Managua
UNI
2000
|
| Subjects: |
| LEADER | 01350nam a2200241Ia 4500 | ||
|---|---|---|---|
| 008 | 240830s9999 xx 000 0 und d | ||
| 040 | |a CEDOC DACA-RUSB / Mon 621.7 L864 | ||
| 041 | |a spa | ||
| 082 | |a Mon 621.7 L864 | ||
| 100 | 1 | |a López Dávila, Evangelina del Socorro | |
| 100 | 1 | |b López Pérez, Ana Luisa | |
| 245 | 1 | 0 | |a Evaluación tecnológica de los hornos 4 y 5 instalados en la compañía nacional productora de cemento CANAL. |
| 260 | |a Managua |b UNI |c 2000 | ||
| 300 | |a 176 p. :il | ||
| 502 | |a Tesis (Ingeniero Químico) -UNI, 2000. | ||
| 520 | 3 | |a Consiste en evaluar tecnológicamente los hornos rotatorios de satélites 4 y 5 instalados en la industria CANAL, se realizaron mediciones diarias de los diferentes parámetros involucrados en el proceso de producción de clinker mediante visitas continuas a las plantas instalada en el municipio de San Rafael del Sur.Estos parámetros se utilizaron en el análisis del proceso de combustión, en el balance de materia, valoración energética y análisis de costos en que incurre la empresa durante el funcionamiento de los hornos. | |
| 650 | 7 | |a INGENIERIA INDUSTRIAL - CEMENTO | |
| 650 | 7 | |b PROCESO DE PRODUCCION - CEMENTO. | |
| 650 | 7 | |c EVALUACION TECNOLOGICA - CEMENTO | |
| 700 | 1 | |a Tutor: |b Ing. Gamero, Rafael | |
| 942 | |c BK |2 ddc | ||
| 991 | |a TESIS | ||
| 999 | |c 26127 | ||